00291nam a22000977a 4500008004100000082001500041100000800056245009800064260002200162300000900184230621b xxu||||| |||| 00| 0 eng d a328.3bCPA cCPA aReport of the Executive Committee 1984-85 and bReport of Proceedings of the General Assembly aLondonbCPAc1985 a117p